Riconosci il Pokémon - Quiz n°895 - Statistics

Statistiche generali
  • Questo quiz è stato fatto 1 volte
  • Il punteggio medio è 7 su 10
Statistiche sulle risposte
Indizio Risposta % Corretto
Peso 125,8 kg
100%
Altezza 1,8 m
100%
Tasso di cattura 60 (14.8%)
100%
Abilità Dentistretti; Piedsvelti; Agitazione
100%
Tipo Normale
100%
Stadio evoluzione Prima evoluzione
100%
Generazione Seconda
100%
Sesso 50% ♂, 50% ♀
0%
Tasso di allevamento Medio-Veloce
0%
Pokémon Ursaring
0%
Nessun quiz corrispondente trovato
Distribuzione punteggi
Percentuale di utenti per punteggio
Percentile per numero di risposta
I tuoi punteggi nel tempo
Non hai fatto questo quiz